| 000 | 01127nam a2200229Ii 4500 | ||
|---|---|---|---|
| 003 | JO-AjNU | ||
| 008 | 230605s9999||||xx |||||||||||||| ||und|| | ||
| 017 | _a2019/5/2275 | ||
| 020 | _a978- 9923- 14- 044- 4 | ||
| 040 |
_aJO-AjNU _bara _erda _cJO-AjNU |
||
| 041 | _aara | ||
| 050 | 1 | 4 | _aK564 2020 |
| 100 | 3 |
_aالعيسى، طلال , _eauthor _959252 |
|
| 245 | 0 | 0 | _aتشريعات التجارة الألكترونية ومدى إمكانية تجاوز عوائقها وتطويرها: وقائع المؤتمر العلمي الدولي الربع لكلية الحقوق 4/2019 /30- 29 عجلون - الاردن |
| 250 | _aط1 | ||
| 264 | 3 | 1 | _aاربد: عالم الكتب الحديث للنشر والتوزيع، 2020 |
| 300 |
_a362ص _bوقائع المؤتمر العلمي الدولي الربع لكلية الحقوق عجلون- جامعة عجلون الوطنية 4/2019 /30- 29 |
||
| 336 |
_atext _btxt _2rdacontent |
||
| 337 |
_aunmediated _bn _2rdamedia |
||
| 338 |
_avolume _bnc _2rdacarrier |
||
| 650 | 4 |
_aالتجارة الألكترونية- تشريعات وقوانين-مؤتمرات _959253 |
|
| 999 |
_aA26654 _c30222 _d30222 |
||